000 00652nam a2200193Ia 4500
003 GCL
008 140319s9999 xx 000 0 ara d
040 _aGCL /
_cGCL
082 0 4 _a001.6425
_bم د
100 1 _aرونالد ميكلين
245 1 0 _aدليل الوقاية من فيروس الحواسيب /
_cرونالد ميكلين
700 1 _aمركز التعريب والبرمجة
260 _a[S.N] :
_bالدار العربية للعلوم ،
_c1992
300 _a152 ص
490 _a
650 0 4 _aالحاسبات الالكترونية
650 0 4 _aفيروسات الحاسبات الالكترونية
942 _2ddc
_cBK
999 _c48226
_d48226